| 000 | 00527nam a22001812 4500 | ||
|---|---|---|---|
| 001 | 0000004572 | ||
| 005 | 20170406115930.0 | ||
| 008 | 141011s xx 000 0 eng d | ||
| 020 | _c$ | ||
| 040 |
_aYour Holding Symbol _cYour Holding Symbol |
||
| 100 | 1 | _aTexas /eso cern symposium relativistic astrophysics,cosmology,and fundamental physics. | |
| 250 | _a ed. | ||
| 260 |
_aNew york : _bnew academy, _c1991. |
||
| 300 |
_a840 p. ; _c cm. |
||
| 504 | _aindex. | ||
| 650 | 0 | _aastrophysics. | |
| 908 | _a141011 | ||
| 999 |
_c4395 _d4395 |
||